Normal view
MARC view
- Shikha (2k51031)
Entry Personal Name
001 - CONTROL NUMBER
- control field: 102323
003 - CONTROL NUMBER IDENTIFIER
- control field: OSt
005 - DATE AND TIME OF LATEST TRANSACTION
- control field: 20221007215930.0
008 - FIXED-LENGTH DATA ELEMENTS
- fixed length control field: 221007|| aca||aabn | a|a d
040 ## - CATALOGING SOURCE
- Original cataloging agency: OSt
- Transcribing agency: OSt
100 ## - HEADING--PERSONAL NAME
- Personal name: Shikha (2k51031)
670 ## - SOURCE DATA FOUND
- Source citation: Work cat.: (OSt)69485: Shikha (2k51031), Training Modules for Airtel Relationship Center (Lobby), 2007